<?xml version="1.0" encoding="UTF-8"?>
<record
    xmlns:xsi="http://www.w3.org/2001/XMLSchema-instance"
    xsi:schemaLocation="http://www.loc.gov/MARC21/slim http://www.loc.gov/standards/marcxml/schema/MARC21slim.xsd"
    xmlns="http://www.loc.gov/MARC21/slim">

  <leader>01478nab a2200229 i 4500</leader>
  <controlfield tag="001">BPP</controlfield>
  <controlfield tag="003">BPK</controlfield>
  <controlfield tag="005">20150317130825.0</controlfield>
  <controlfield tag="008">150317s2003    pl  |  |     |000 ||pol</controlfield>
  <datafield tag="040" ind1=" " ind2=" ">
    <subfield code="c">BPK</subfield>
  </datafield>
  <datafield tag="080" ind1=" " ind2=" ">
    <subfield code="a">662.9</subfield>
  </datafield>
  <datafield tag="100" ind1=" " ind2=" ">
    <subfield code="a">SHKAROVSKIY, Alexander.</subfield>
    <subfield code="d">1998 - .</subfield>
    <subfield code="b">Politechnika Koszali&#x144;ska - Wydzia&#x142; Budownictwa i In&#x17C;ynierii &#x15A;rodowiska,</subfield>
    <subfield code="c">Katedra Sieci i Instalacji Sanitarnych</subfield>
  </datafield>
  <datafield tag="245" ind1=" " ind2=" ">
    <subfield code="a">Szczeg&#xF3;&#x142;owe problemy sprawnego i ekologicznego spalania paliwa w przedpaleniskach piec&#xF3;w /</subfield>
    <subfield code="c">Aleksander Szkarowski.</subfield>
  </datafield>
  <datafield tag="260" ind1=" " ind2=" ">
    <subfield code="c">2003.</subfield>
  </datafield>
  <datafield tag="500" ind1=" " ind2=" ">
    <subfield code="a">Dane z autopsji.</subfield>
  </datafield>
  <datafield tag="520" ind1=" " ind2=" ">
    <subfield code="a">Przedpaleniska piec&#xF3;w s&#x105; osobnym rodzajem urz&#x105;dze&#x144; techniki cieplnej, poniewa&#x17C; nie nast&#x119;puje w nich u&#x17C;yteczne odprowadzanie ciep&#x142;a. Powoduje to kr&#xF3;tki czas u&#x17C;ytkowania przedpalenisk i wysok&#x105; emisj&#x119; tlenk&#xF3;w azotu. Metoda spalania paliwa z wysokim nadmiarem powietrza jest efektywnym sposobem podwy&#x17C;szenia sprawno&#x15B;ci i ekologicznych wska&#x17A;nik&#xF3;w zu&#x17C;ycia paliwa w urz&#x105;dzeniach tego typu, pozwala r&#xF3;wnie&#x17C; na zmniejszenie rozmiar&#xF3;w przedpalenisk i odpowiednio nak&#x142;ad&#xF3;w inwestycyjnych, radykalnie zwi&#x119;ksza czas ich u&#x17C;ytkowania.</subfield>
  </datafield>
  <datafield tag="650" ind1=" " ind2="0">
    <subfield code="a">Paliwa.</subfield>
  </datafield>
  <datafield tag="650" ind1=" " ind2="0">
    <subfield code="a">Spalanie.</subfield>
  </datafield>
  <datafield tag="650" ind1=" " ind2=" ">
    <subfield code="a">Termodynamika techniczna - urz&#x105;dzenia.</subfield>
  </datafield>
  <datafield tag="773" ind1=" " ind2=" ">
    <subfield code="i">W :</subfield>
    <subfield code="t">Rocznik Ochrona &#x15A;rodowiska = Annual Set The Environment Protection. -</subfield>
    <subfield code="d">Koszalin : Wydaw. &#x15A;rodkowo-Pomorskiego Towarzystwa Naukowego Ochrony &#x15A;rodowiska, 2003. -</subfield>
    <subfield code="g">Vol.5, s. 67-78</subfield>
  </datafield>
  <datafield tag="942" ind1=" " ind2=" ">
    <subfield code="c">ART</subfield>
    <subfield code="2">UKD</subfield>
  </datafield>
  <datafield tag="999" ind1=" " ind2=" ">
    <subfield code="c">835</subfield>
    <subfield code="d">835</subfield>
  </datafield>
  <datafield tag="952" ind1=" " ind2=" ">
    <subfield code="0">0</subfield>
    <subfield code="1">0</subfield>
    <subfield code="4">0</subfield>
    <subfield code="7">0</subfield>
    <subfield code="a">BPK</subfield>
    <subfield code="b">BPK</subfield>
    <subfield code="o">01266</subfield>
    <subfield code="y">ART</subfield>
  </datafield>
</record>
